Emilio o la educacion. tomo 1 /
Guardado en:
| Autor Principal: | |
|---|---|
| Formato: | Libro |
| Publicado: |
Paris :
Garnier, 0
|
| Materias: | |
| Etiquetas: |
Agregar Etiqueta
Sin Etiquetas, Sea el primero en etiquetar este registro!
|
| LEADER | 00442nam a22001455a 4500 | ||
|---|---|---|---|
| 001 | EHU.bham017413 | ||
| 003 | AR-BHAM | ||
| 005 | 20100624031617.0 | ||
| 008 | 130507b######################000#0#####d | ||
| 082 | 8 | 4 | |a 848 |
| 100 | 1 | |a Rousseau, Jean J. | |
| 245 | 1 | 0 | |a Emilio o la educacion. tomo 1 / |c Jean J. Rousseau |
| 260 | |a Paris : |b Garnier, 0 | ||
| 653 | |a Miscelanea francesa | ||
| 859 | |a AR-BHAM |b BIB. HUMANIDADES - Arturo Marasso |h 848 |i R763 |p 598.57 |t Ej.1 |v I M |3 I | ||
